000
00270nam a2200109Ia 4500
005
20251222143146.0
008
251222s9999||||xx |||||||||||||| ||spa||
082
_a
006.689/I59/30
245
0
_a
Excel 97: Guía práctica de autoaprendizaje
264
_b
INEI
942
_c
LIB
999
_c
12488
_d
12488